| LEADER | 00895nam a2200205 4500 | ||
|---|---|---|---|
| 082 | |a 808.883 |b T100Đ | ||
| 100 | |a Tạ Đức Hiền | ||
| 245 | |a Sổ tay văn học lớp 9 |c Tạ Đức Hiền | ||
| 250 | |a Tái bản | ||
| 260 | |a H. |b Hà Nội |c 1997 | ||
| 300 | |a 204 tr. |c 15 cm | ||
| 520 | |a v.v... | ||
| 653 | |a Văn học | ||
| 653 | |a lớp 9 | ||
| 653 | |a sổ tay | ||
| 942 | |2 ddc |c STK0 | ||
| 999 | |c 9841 |d 9841 | ||
| 952 | |0 0 |1 0 |2 ddc |4 0 |6 808_883000000000000_T100Đ |7 0 |8 800 |9 77550 |a qbu |b qbu |c D5 |d 2015-06-11 |g 7000 |o 808.883 T100Đ |p 9377.c1 |r 0000-00-00 |w 2015-06-11 |y STK0 | ||
| 952 | |0 0 |1 0 |2 ddc |4 0 |6 808_883000000000000_T100Đ |7 0 |8 800 |9 77551 |a qbu |b qbu |c D5 |d 2015-06-11 |g 7000 |l 1 |o 808.883 T100Đ |p 9377.c2 |r 2015-09-01 |s 2015-08-26 |w 2015-06-11 |y STK0 | ||
| 952 | |0 0 |1 0 |2 ddc |4 0 |6 808_883000000000000_T100Đ |7 0 |8 800 |9 77552 |a qbu |b qbu |c D5 |d 2015-06-11 |g 7000 |o 808.883 T100Đ |p 9377.c3 |r 0000-00-00 |w 2015-06-11 |y STK0 | ||